000 00336nam a2200133Ia 4500
008 220204s9999 xx 000 0 und d
082 _a547
_bBAU
100 _aStuart J
245 0 _aIntroduction to organic and biological chemistry
250 _a3
260 _aNew York
_bMacmillan
_c1978
650 _aOrganic chemistry
942 _cBK
999 _c36405
_d36405